Statistiques concernant Culture Générale - Série 61

Cliquez ici pour prendre le quiz!

Statistiques générales

  • Ce quiz a été pris 91 fois
  • Le résultat moyen est 3 sur 10

Statistiques - réponses

QuestionRéponse% Correct
Qu'est-ce qu'un heaume ?Casque
94%
A quoi correspond le mot d'argot "surin" ?Couteau
53%
Surnom péjoratif de l'Angleterre et par extension du Royaume-Uni (2 mots)Perfide Albion
38%
Algues qui sont laissées par la mer et que l'on utilise comme engrais.Varech
30%
Qu'est-ce qu'un kriss ?Poignard
23%
Objet quelconque placé dans un lieu vénéré, en accomplissement d'un voeu ou en signe de reconnaissanceEx Voto
23%
Chacun des montants placés de chaque côté d'une charrette, d'un camion, etc., pour maintenir la charge.Ridelle
15%
Comment appele-t-on l' étude scientifique des poissons et animaux marins ?Ichtyologie
14%
Comment appelle-t-on la salle d'audience d'un tribunal ?Prétoire
11%
Comment appelle-t-on le nouvel an juif ?Roch Hachana
9%

Distribution des résultats

Percentile par nombre de réponses

% des personnes avec chaque résultat

Votre développement - résultats

Vous n’avez pas pris ce quiz